Tìm hiểu lễ Giáng sinh /

Spremljeno u:
Bibliografski detalji
Glavni autor: Cảnh Khôi.
Format: Članak
Jezik:Vietnamese
Teme:
Oznake: Dodaj oznaku
Bez oznaka, Budi prvi tko označuje ovaj zapis!
Thư viện lưu trữ: Thư viện Trường Đại học Đà Lạt
LEADER 00706nam a2200265 4500
001 DLU100107643
005 ##20100517
040 # # |a DLU  |b vie 
041 # # |a vie 
044 # # |a vn 
100 # # |a Cảnh Khôi. 
245 # # |a Tìm hiểu lễ Giáng sinh /  |c Cảnh Khôi. 
653 # # |a Đạo thiên chúa 
653 # # |a Tín ngưỡng 
653 # # |a Tôn giáo 
773 # # |t Chân trời Unesco  |g Số12(69), 2008, tr. 14 
920 # # |a Phòng Tạp chí -- Trung tâm Thông tin - Thư viện Trường Đại học Đà Lạt 
994 # # |a DLU 
900 # # |a True 
911 # # |a Nguyễn Thị Linh Chi 
925 # # |a G 
926 # # |a A 
927 # # |a BB 
980 # # |a Thư viện Trường Đại học Đà Lạt